| 000 | 00615nam a2200205 i 4500 | ||
|---|---|---|---|
| 001 | 64786 | ||
| 003 | ES-MaACL | ||
| 005 | 20240123190849.0 | ||
| 007 | t| | ||
| 008 | 040105s1971 sp |||| | spa d | ||
| 100 | 1 |
_aFougeyrollas, Pierre. _951935 |
|
| 245 | 1 | 3 |
_aLa revolución freudiana / _cPierre Fougeyrollas ; [traducción, A. Aguado]. |
| 260 |
_a[Madrid] : _bGuadiana, _c[1971] |
||
| 300 |
_a439 p. ; _c21 cm. |
||
| 600 | 1 | 4 |
_aFreud, Sigmund, _d1856-1939 _952547 |
| 650 | 0 | 4 |
_aPsicoanálisis. _916530 |
| 700 | 1 |
_aAguado, Antonio. _918601 |
|
| 852 |
_aES-MaACL _jC-48295 |
||
| 999 |
_c64786 _d64786 |
||